江賢二:紙上作品‧雕塑‧地景藝術 (Record no. 716)

MARC details
000 -記錄標示
fixed length control field 00273nam a2200097Ia 4500
008 - 定長欄資料代碼
fixed length control field 180130s9999||||xx |||||||||||||| ||und||
020 ## - 國際標準書號
價格與相關資訊 NT1600
國際標準書號 978-986-320-634-7
100 ## - 主要款目--主要著者
個人姓名 江賢二
245 #0 - 題名及著者敘述項
著者敍述 江賢二
正題名 江賢二:紙上作品‧雕塑‧地景藝術
260 ## - 出版項
出版年 2014.12
942 ## - 附加款目元素 (KOHA)
分類法來源 中文圖書分類法
Koha 館藏類型 一般圖書
Holdings
撤銷狀態 遺失狀態 分類號來源 損壞狀態 不外借 永久館藏地 現在館藏地 採購日期 全部借出 完整索書號 條碼號 最後一次日期記錄 複本號 一般價格有效日期 Koha館藏類型
未註銷館藏 未遺失 中文圖書分類法 未損毀 可外借 怡仁綜合醫院圖書館 怡仁綜合醫院圖書館 2018-01-30   902.33 C02319 2018-01-30 c.2 2018-01-30 一般圖書
怡仁醫院| 地址:32643桃園市楊梅區楊新北路321巷30號 | 服務專線:03-4855566 | 電子郵件信箱:
Copyright © 1996 CHC Hospital